The Easy UC Way : Success Without effort And Discipline

Bibliographic Details
Main Author: Muruga,Dr
Format: Book
Published: Kuala Lumpur : CB Consultancy , 2004
Subjects:

MARC

LEADER 00000cam a2200000 7i4500
001 0000051187
005 20030505.0
008 030505s2004
020 |a 9834183100 
090 0 0 |a 158.1 MUR 
100 0 |a Muruga,Dr. 
245 1 4 |a The Easy UC Way :   |b Success Without effort And Discipline   |c Dr.Muruga 
260 |a Kuala Lumpur :   |b CB Consultancy ,   |c 2004 
300 |a ix,312p ;   |c 21cm. 
650 0 0 |a Success 
999 |a 240114   |b Buku   |c Rak Terbuka   |e Perbadanan Perpustakaan Awam Melaka